Computer oriented numerical methods and linear programming (Record no. 213703)
[ view plain ]
| 000 -LEADER | |
|---|---|
| fixed length control field | 00491nam a2200157Ia 4500 |
| 008 - FIXED-LENGTH DATA ELEMENTS--GENERAL INFORMATION | |
| fixed length control field | 210719s2002 xx 000 0 und d |
| 041 ## - LANGUAGE CODE | |
| Language code of text/sound track or separate title | eng |
| 082 ## - DEWEY DECIMAL CLASSIFICATION NUMBER | |
| Classification number | 519.4KAK SRIT |
| 100 ## - MAIN ENTRY--PERSONAL NAME | |
| Personal name | SRIMANI (P K) and MOORTHY (M Vinayaka) |
| 245 ## - TITLE STATEMENT | |
| Title | Computer oriented numerical methods and linear programming |
| 260 ## - PUBLICATION, DISTRIBUTION, ETC. | |
| Place of publication, distribution, etc. | Bangalore |
| Name of publisher, distributor, etc. | Subhash Stores |
| Date of publication, distribution, etc. | 2002 |
| 300 ## - PHYSICAL DESCRIPTION | |
| Extent | 440 |
| Other physical details | PB |
| 365 ## - TRADE PRICE | |
| Price amount | 165 |
| Currency code | Rs |
| 650 ## - SUBJECT ADDED ENTRY--TOPICAL TERM | |
| Topical term or geographic name entry element | Numerical Methods |
| 906 ## - LOCAL DATA ELEMENT F, LDF (RLIN) | |
| a | computer oriented numerical methods linear programming |
| Withdrawn status | Lost status | Damaged status | Not for loan | Collection code | Home library | Current library | Date acquired | Cost, normal purchase price | Total Checkouts | Full call number | Barcode | Date last seen | Price effective from | Koha item type |
|---|---|---|---|---|---|---|---|---|---|---|---|---|---|---|
| St Aloysius Library | St Aloysius Library | 08/01/2003 | 165.00 | 519.4KAK SRIT | D02256 | 07/19/2021 | 07/19/2021 | Donated Books |